| 000 | 00515nam a2200181 a 4500 | ||
|---|---|---|---|
| 005 | 20210219153430.0 | ||
| 008 | 991125n 000 0 u | ||
| 035 | _aUPN01000099085 | ||
| 222 | _aCOMUNICACION EDUCATIVA | ||
| 245 | _aSe suprime la Secretaría de Instrucción Pública y Bellas Artes : Venustiano Carranza | ||
| 300 | _a30 | ||
| 362 | _a1981 Año 2, no. 13 nov. | ||
| 653 | 0 | _aEDUCACION | |
| 653 | 0 | _aSEP | |
| 653 | 0 | _aVASCONCELOS, JOSÉ, 1882-1959 | |
| 904 |
_aAC _b036896 |
||
| 905 | _aArticulo | ||
| 999 |
_c76677 _d76677 |
||